000 00327nam a2200109Ia 4500
008 171211s9999 xx 000 0 und d
245 _aHandbook of Petroleum Refining Processes
245 _cRobert A. Meyers
260 _c2003
650 _xEngineering and Technology
856 _uhttp://down.ebook777.com/065/9780071391092.pdf
999 _c350278
_d350278